[Event "Le Port Marly rapid op"]
[Site "Le Port Marly"]
[Date "2019.01.06"]
[Round "1"]
[White "Fressinet, Laurent"]
[Black "Blanchon, Pascal"]
[Result "1-0"]
[WhiteElo "2655"]
[BlackElo "1549"]
[PlyCount "51"]
[EventDate "2019.01.06"]
[EventType "swiss (rapid)"]
[EventRounds "9"]
[EventCountry "FRA"]
[SourceTitle "CBM 188 Extra"]
[Source "ChessBase"]
[SourceDate "2019.02.26"]
[SourceVersion "1"]
[SourceVersionDate "2019.02.26"]
[SourceQuality "1"]

1. e4 e5 2. Nf3 Nc6 3. Bc4 Nf6 4. d3 Be7 5. 0-0 0-0 6. Nc3 d6 7. a3 Bg4 8. Be3 Na5 9. Ba2 c5 10. h3 Bh5 11. Nd5 Re8 12. b4 cxb4 13. axb4 Nc6 14. c3 h6 15. Bb3 Bf8 16. Nxf6+ Qxf6 17. g4 Bg6 18. g5 Qe7 19. Nh4 Kh7 20. Nxg6 fxg6 21. Qg4 h5 22. Qg3 b6 23. f4 Rac8 24. f5 gxf5 25. g6+ Kh8 26. Rxf5 1-0

[Event "Saint Affrique op 22nd"]
[Site "Saint Affrique"]
[Date "2014.07.21"]
[Round "4"]
[White "Blanchon, Pascal"]
[Black "Cellier Valencia, Baptiste"]
[Result "1-0"]
[WhiteElo "1637"]
[BlackElo "1347"]
[PlyCount "85"]
[EventDate "2014.07.19"]
[EventType "swiss"]
[EventRounds "9"]
[EventCountry "FRA"]
[SourceTitle "CBM 161 Extra"]
[Source "ChessBase"]
[SourceDate "2014.08.29"]
[SourceVersion "1"]
[SourceVersionDate "2014.08.29"]
[SourceQuality "1"]

1. e4 c5 2. Nf3 Nc6 3. d4 cxd4 4. Nxd4 g6 5. c4 Bg7 6. Be3 Qb6 7. Nb3 Qc7 8. Qd2 Nf6 9. f3 0-0 10. Nc3 Rd8 11. Rc1 e6 12. Nb5 Qe5 13. Bf4 Qh5 14. Nc7 Rb8 15. Qe3 e5 16. Bg5 h6 17. Bxf6 Bxf6 18. Qf2 Qg5 19. h4 Qf4 20. g3 Bxh4 21. Rxh4 Qf6 22. Rxh6 Qd6 23. Nd5 Nb4 24. Qh2 Nxd5 25. cxd5 Qf6 26. Qh4 Qxh4 27. Rxh4 Kg7 28. d6 b6 29. Rh2 Bb7 30. Rc7 a5 31. Bb5 Bc6 32. Bxc6 dxc6 33. Rxc6 a4 34. Nc1 Rbc8 35. Rhc2 Rb8 36. Nd3 Rh8 37. Nxe5 Rh1+ 38. Kd2 Rbh8 39. Rc7 R8h2+ 40. Kc3 Rxc2+ 41. Kxc2 Rh2+ 42. Kc3 Rh1 43. Rxf7+ 1-0

[Event "Saint Affrique op 22nd"]
[Site "Saint Affrique"]
[Date "2014.07.19"]
[Round "1"]
[White "Blanchon, Pascal"]
[Black "Milchev, Nikolay"]
[Result "0-1"]
[WhiteElo "1637"]
[BlackElo "2424"]
[PlyCount "54"]
[EventDate "2014.07.19"]
[EventType "swiss"]
[EventRounds "9"]
[EventCountry "FRA"]
[SourceTitle "CBM 161 Extra"]
[Source "ChessBase"]
[SourceDate "2014.08.29"]
[SourceVersion "1"]
[SourceVersionDate "2014.08.29"]
[SourceQuality "1"]

1. e4 c5 2. Nf3 d6 3. d4 cxd4 4. Nxd4 Nf6 5. Nc3 g6 6. Be2 Bg7 7. Be3 0-0 8. 0-0 Nc6 9. Qd2 a6 10. f4 Bd7 11. Kh1 Rc8 12. Nxc6 Bxc6 13. Bd3 b5 14. a3 d5 15. exd5 Nxd5 16. Nd1 Nxe3 17. Qxe3 e6 18. Rb1 Qd5 19. Qg3 Qa2 20. c3 Rfd8 21. Nf2 a5 22. Qe3 b4 23. axb4 axb4 24. cxb4 Bd4 25. Qe2 Bxf2 26. Rxf2 Bb5 27. Rd1 Bxd3 0-1

[Event "Saint Affrique op 20th"]
[Site "Saint Affrique"]
[Date "2012.07.21"]
[Round "1"]
[White "Blanchon, Pascal"]
[Black "Degraeve, Jean Marc"]
[Result "0-1"]
[WhiteElo "1727"]
[BlackElo "2580"]
[PlyCount "46"]
[EventDate "2012.07.21"]
[EventType "swiss"]
[EventRounds "9"]
[EventCountry "FRA"]
[SourceTitle "CBM 149 Extra"]
[Source "ChessBase"]
[SourceDate "2012.08.24"]
[SourceVersion "1"]
[SourceVersionDate "2012.08.24"]
[SourceQuality "1"]

1. e4 Nf6 2. Nc3 d5 3. e5 Nfd7 4. d4 Nb6 5. f4 Bf5 6. Nf3 e6 7. a3 c5 8. Be2 Nc6 9. b3 cxd4 10. Nb5 Be4 11. Bb2 Rc8 12. Rc1 a6 13. Nbxd4 Nxd4 14. Qxd4 Bxc2 15. Bd1 Bg6 16. 0-0 Rxc1 17. Bxc1 Nd7 18. Kh1 Be7 19. b4 0-0 20. Bb2 Nb6 21. Nd2 Nc4 22. Be2 Nxb2 23. Qxb2 a5 0-1

[Event "Saint Affrique op 19th"]
[Site "Saint Affrique"]
[Date "2011.07.23"]
[Round "1"]
[White "Blanchon, Pascal"]
[Black "Milchev, Nikolay"]
[Result "0-1"]
[WhiteElo "1762"]
[BlackElo "2389"]
[PlyCount "68"]
[EventDate "2011.07.23"]
[EventType "swiss"]
[EventRounds "9"]
[EventCountry "FRA"]
[SourceTitle "CBM 143 Extra"]
[Source "ChessBase"]
[SourceDate "2011.08.29"]
[SourceVersion "1"]
[SourceVersionDate "2011.08.29"]
[SourceQuality "1"]

1. e4 Nf6 2. Nc3 d6 3. d4 g6 4. f4 Bg7 5. Nf3 0-0 6. Be3 c6 7. Qd2 b5 8. a3 Bb7 9. Bd3 a5 10. h3 b4 11. Na4 c5 12. 0-0 Bc6 13. b3 Nxe4 14. Bxe4 Bxe4 15. axb4 cxb4 16. c4 bxc3 17. Nxc3 Bb7 18. f5 Nd7 19. fxg6 hxg6 20. Ng5 Nf6 21. Qe1 Nh7 22. Nce4 Bxe4 23. Nxe4 Qb6 24. Qc3 Rfc8 25. Qb2 Rab8 26. Qf2 Qxb3 27. Rxa5 Rc2 28. Qf4 Re2 29. Bf2 Qd3 30. Ng3 Re6 31. Kh2 Rf6 32. Qe4 Qxe4 33. Nxe4 Rf4 34. Nc3 Bxd4 0-1

[Event "Metz op 24th"]
[Site "Metz"]
[Date "2006.04.25"]
[Round "4"]
[White "Blanchon, Pascal"]
[Black "Alexander, Christian"]
[Result "0-1"]
[WhiteElo "1721"]
[BlackElo "1953"]
[PlyCount "71"]
[EventDate "2006.04.22"]
[EventType "swiss"]
[EventRounds "9"]
[EventCountry "FRA"]
[SourceTitle "EXT 2007"]
[Source "ChessBase"]
[SourceDate "2006.11.23"]
[SourceVersion "1"]
[SourceVersionDate "2006.11.23"]
[SourceQuality "1"]

1. e4 c5 2. Nf3 d6 3. d4 cxd4 4. Nxd4 Nf6 5. Nc3 a6 6. Bg5 e6 7. f4 h6 8. Bh4 Be7 9. Qf3 Qb6 10. 0-0-0 Nbd7 11. g4 Qa7 12. Bg2 Rb8 13. Bg3 Qc5 14. Rhe1 b5 15. h3 Bb7 16. Qe2 b4 17. Nd5 exd5 18. exd5 0-0 19. Nc6 Bd8 20. Nxd8 Rbxd8 21. Qd2 Nb6 22. Bf2 Qa5 23. Bxb6 Qxb6 24. g5 hxg5 25. fxg5 Nd7 26. g6 Ne5 27. Re4 fxg6 28. Rxb4 Qa5 29. a3 Bc8 30. Be4 Qc5 31. Rd4 Rf6 32. Qg5 Rdf8 33. R4d2 Bf5 34. Bxf5 Rxf5 35. Qg2 Qe3 36. Kb1 0-1

[Event "Le Touquet op-B 20th"]
[Site "Le Touquet"]
[Date "2005.10.24"]
[Round "2"]
[White "Bruneel, Marc"]
[Black "Blanchon, Pascal"]
[Result "1-0"]
[WhiteElo "1590"]
[BlackElo "1721"]
[PlyCount "43"]
[EventDate "2005.10.22"]
[EventType "swiss"]
[EventRounds "9"]
[EventCountry "FRA"]
[SourceTitle "EXT 2006"]
[Source "ChessBase"]
[SourceDate "2005.11.24"]
[SourceVersion "1"]
[SourceVersionDate "2005.11.24"]
[SourceQuality "1"]

1. e4 e5 2. Nf3 Nc6 3. d4 exd4 4. Bc4 Nf6 5. 0-0 Bc5 6. e5 d5 7. exf6 dxc4 8. Re1+ Be6 9. Ng5 Qd5 10. Nc3 Qf5 11. Nce4 0-0-0 12. Nxc5 Qxc5 13. Rxe6 fxe6 14. Nxe6 Qf5 15. Nxd8 Rxd8 16. fxg7 Qg6 17. Bh6 Ne7 18. Qd2 Nf5 19. Bf4 Nxg7 20. Qa5 Ne6 21. Bg3 Qe4 22. Re1 1-0

[Event "Saint Affrique op 09th"]
[Site "Saint Affrique"]
[Date "2001.??.??"]
[Round "3.49"]
[White "Blanchon, Pascal"]
[Black "Tholey, Jean Paul"]
[Result "1-0"]
[WhiteElo "1700"]
[BlackElo "2014"]
[PlyCount "80"]
[EventDate "2001.07.??"]
[EventType "swiss"]
[EventRounds "9"]
[EventCountry "FRA"]
[SourceTitle "EXT 2003"]
[Source "ChessBase"]
[SourceDate "2002.11.25"]
[SourceVersion "1"]
[SourceVersionDate "2002.11.25"]
[SourceQuality "1"]

1. d4 Nf6 2. c4 g6 3. Nc3 d5 4. Nf3 Bg7 5. cxd5 Nxd5 6. e4 Nxc3 7. bxc3 0-0 8. Be2 c5 9. Rb1 Nc6 10. d5 Bxc3+ 11. Bd2 Bxd2+ 12. Qxd2 Na5 13. h4 f6 14. h5 g5 15. Nxg5 fxg5 16. Qxg5+ Kh8 17. h6 Rf7 18. d6 Nc6 19. Bc4 exd6 20. Qxd8+ Nxd8 21. Bxf7 Nxf7 22. f4 b6 23. Kf2 Bb7 24. Rbe1 Re8 25. Kf3 Re6 26. f5 Rxh6 27. Rxh6 Nxh6 28. Kf4 Kg7 29. g4 Nf7 30. g5 b5 31. Rg1 Ne5 32. Rh1 c4 33. Ke3 c3 34. Rc1 b4 35. Rc2 a5 36. Rc1 Ba6 37. Rh1 Bc4 38. f6+ Kg6 39. Rh6+ Kxg5 40. Rxh7 Kxf6 1-0